Historia universal ilustrada / (Record no. 127697)

MARC details
000 -LEADER
campo de control de longitud fija 01319nam a2200253 i 4500
001 - NÚMERO DE CONTROL
campo de control 127697
003 - IDENTIFICADOR DE NÚMERO DE CONTROL
campo de control ES-MaACL
005 - FECHA Y HORA DE LA ÚLTIMA TRANSACCIÓN
campo de control 20250829065819.0
007 - CAMPO FIJO DE DESCRIPCIÓN FÍSICA--INFORMACIÓN GENERAL
campo de control de longitud fija t|
008 - DATOS DE LONGITUD FIJA--INFORMACIÓN GENERAL
campo de control de longitud fija 070214s1957 sp r ||||1| spa d
245 00 - MENCIÓN DEL TÍTULO
Título Historia universal ilustrada /
Mención de responsabilidad, etc. dirigida por Eugen-Theodor Rimli ; versión castellana y ampliaciones por Jesús García Tolsa.
260 ## - PUBLICACIÓN, DISTRIBUCIÓN, ETC.
Lugar de publicación, distribución, etc. Barcelona :
Nombre del editor, distribuidor, etc. Vergara,
Fecha de publicación, distribución, etc. 1957.
300 ## - DESCRIPCIÓN FÍSICA
Extensión 3 t. :
Otras características físicas il. ;
Dimensiones 27 cm.
505 8# - NOTA DE CONTENIDO CON FORMATO
Nota de contenido con formato Contiene: Tomo I. De los orígenes a Carlomagno, por el prof. Eduard von Tunk. De Carlomagno a la época de los Otones, por el prof. Albert Renner. Tomo II. De la reforma cluniacense a los orígenes de la E. Moderna por el profesor Albert Renner. De la hegemonia de los Habsburgo a los tratados de Westfalia por el profesor Arthur Mojonnier. De Luis XIV a la 2ª guerra mundial por el profesor Gastón Castilla. Anales de la postguerra (1939-1957) por el profesor Jesús García Tolsa
650 #7 - PUNTO DE ACCESO ADICIONAL DE MATERIA--TÉRMINO DE MATERIA
Término de materia o nombre geográfico como elemento de entrada Historia universal
Fuente del encabezamiento o término embne
9 (RLIN) 13429
700 1# - ENTRADA AGREGADA--NOMBRE PERSONAL
Nombre de persona García Tolsá, Jesús
9 (RLIN) 55332
700 1# - ENTRADA AGREGADA--NOMBRE PERSONAL
Nombre de persona Rimli, Eugen-Theodor.
9 (RLIN) 97245
700 1# - ENTRADA AGREGADA--NOMBRE PERSONAL
Nombre de persona Castilla, Gastón.
9 (RLIN) 36645
700 1# - ENTRADA AGREGADA--NOMBRE PERSONAL
Nombre de persona Mojonnier, Arthur.
9 (RLIN) 81829
700 1# - ENTRADA AGREGADA--NOMBRE PERSONAL
Nombre de persona Renner, Albert.
9 (RLIN) 96222
700 1# - ENTRADA AGREGADA--NOMBRE PERSONAL
Nombre de persona Tunk, Eduard von.
9 (RLIN) 111677
852 ## - LOCALIZACIÓN
Ubicación ES-MaACL
Número de control de estantería C-14125-7
Sublocalización o colección R.41845
Holdings
Estatus retirado Estado de pérdida Estado de daño No para préstamo Biblioteca de origen Biblioteca actual Ubicación en estantería Fecha de adquisición Fuente de adquisición Total de préstamos Signatura topográfica completa Código de barras Visto por última vez Precio de reemplazo Tipo de ítem Koha
        Biblioteca del Ateneo de Madrid Biblioteca del Ateneo de Madrid Sala Palomar 17/01/2008     C-14125-7 1133004 23/02/2023 23/02/2023 Libro impreso